000 00576nam a22001931c 4500
001 a987678030
008 161116s1957 gw |||| 000u ger d
041 _ager
100 1 _aLeontovitsch, Victor
245 0 0 _aGeschichte des Liberalismus in Russland /
_cVictor Leontovitsch
264 _aFrankfurt, Main :
_bKlostermann,
_c1957
300 _aXV, 425 S. ; 8-o
650 0 _aLiberalismus
651 0 _aRussland
942 _cMG
040 _cRU-10907106
003 RU-10907106
999 _c39949
_d39949
490 0 _aFrankfurter wissenschaftliche Beiträge : Kulturwissenschaftliche Reihe
_vBd 9[a]